000 00364 a2200133 4500
005 20250319093503.0
020 _a0-7121-0228-0
082 _a510.65 STA
100 _aSTAFFORD, L. W. T.
245 _aBusiness Mathematics
260 _aLondon,
_bThe English Language Book Society,
_c1969.
300 _axiii, 354p.: ill.; graph, table
_bIndex.
_c18cm.
942 _2ddc
_cBKS
999 _c929
_d929